1100 1875 1550 1965 1834 1871 1575 1962 1173 1742 1292 1645 1802 1786 1650 1303 1590 1118 1548 1301 1170 1139 1231 1716 1865 1562 1036 1060 1323 1635 1846 1722 1115 1575 1923 1045 1047 1839 1285 1684 1010 1307 1452 1886 1214 1747 1458 1495 1308 1236 1946 1323 1466 1271 1716 1903 1200 1774 1578 1426 1179 1853 1642 1210 1417 1180 1728 1356 1666 1946 1582 1108 1057 1433 1541 1428 1032 1357 1628 1624 1013 1408 1308 1936 1391 1356 1729 1756 1347 1422 1048 1609 1130 1755 1533 1803 1183 1288 1976 BCNSPRNW ULIB Ver.6.0+V

เปลี่ยนเป็นภาษาไทย

Change to English
 แสดงรายละเอียดบรรณานุกรม
  กลับหน้าหลัก

Brief Record : Get Marc (ISO 2709) : E-mail record : QR code < ปิดหน้าต่าง
LEADER : 00000nam 2200000uu 4500
001    13399108687
003     ULIB
008    110311s2553||||th 000 0 tha d
020    9786165091213
060  4 QZ266^bธ674ก 2553
100 0  ธีระวุฒิ ปัญญา
245 00 กองทัพผลไม้"ปราบมะเร็ง"/^cธีระวุฒิ ปัญญา
260    กรุงเทพฯ:^bกู๊ดลัค,^c2553
300    173 หน้า
650  7 การรักษาด้วยธรรมชาติ
650  7 ผลไม้ต้องกันโรคมะเร็ง
650  7 เนื้องอก
945    ^p140^l0^i028325
945    ^p140^l0^i028324
995    ทศพร
999 ^a ใช้งานได้ทุกระบบ
รายการนี้ยังไม่มีแท็ก
คุณยังไม่ได้ล็อกอิน คุณสามารถมีกิจกรรมร่วมกับเว็บไซต์ได้ แต่ต้องล็อกอินก่อน ::
  ล็อกอิน

รายการสื่อสารสนเทศ

ลำดับที่ ประเภท เลขเรียก/บาร์โค้ด สถานที่ สถานะ
1. วิทยาศาสตร์การแพทย์ และสุขภาพ
หนังสือสำรอง
สถานะ=หนังสือสำรอง
QZ266 ธ674ก 2553 ฉ.1 
  Barcode: 028324
ห้องสมุดวิทยาเขตสวรรค์ประชารักษ์
►ส่วนจัดเก็บหนังสือเก่า สปร
บนชั้น
  ขอยืม
2. วิทยาศาสตร์การแพทย์ และสุขภาพ
วิทยาศาสตร์การแพทย์ และสุขภาพ
QZ266 ธ674ก 2553 ฉ.2 
  Barcode: 028325
ห้องสมุดวิทยาเขตสวรรค์ประชารักษ์
►ส่วนจัดเก็บหนังสือเก่า สปร
บนชั้น
  ขอยืม

รายการใกล้เคียง
    ผู้แต่ง [ธีระวุฒิ ปัญญา]

    หัวเรื่อง [การรักษาด้วยธรรมชาติ]
    หัวเรื่อง [ผลไม้ต้องกันโรคมะเร็ง]
    หัวเรื่อง [เนื้องอก]

BibComment


ยังไม่เคยถูกคอมเมนท์

คอมเมนท์ทรัพยากรรายการนี้
  คอมเมนท์: กองทัพผลไม้ปราบมะ..


 Copyright 2026. Bcnsprnw @Library